Teljesítmény Controlling az Egészségügyben

Bibliographic Details
Main Author: Vörös László
Other Authors: Korom Dr. Erik
Format: Thesis
Kulcsszavak:Kontrolling
Egészségügy
Teljesítménymérés
Online Access:http://dolgozattar.uni-bge.hu/9627

MARC

LEADER 00000nta a2200000 i 4500
001 dolg9627
005 20161219142401.0
008 161219suuuu hu om 000 hun d
040 |a BGE Dolgozattár Repozitórium  |b hun 
041 |a hu 
100 1 |a Vörös László 
245 1 0 |a Teljesítmény Controlling az Egészségügyben  |c Vörös László  |h [elektronikus dokumentum] 
520 3 |a Teljesítmény Controlling az Egészségügyben 
695 |a Kontrolling 
695 |a Egészségügy 
695 |a Teljesítménymérés 
700 1 |a Korom Dr. Erik  |e ths 
856 4 0 |u http://dolgozattar.uni-bge.hu/9627/1/Teljes%C3%ADtm%C3%A9ny%20Controlling%20az%20Eg%C3%A9szs%C3%A9g%C3%BCgyben.pdf  |z Dokumentum-elérés 
856 4 0 |u http://dolgozattar.uni-bge.hu/9627/7/V%C3%B6r%C3%B6s%20L%C3%A1szl%C3%B3.pdf  |z Dokumentum-elérés